A treatise on copyhold, customary freehold, and ancient demesne tenure (Record no. 114022)
[ view plain ]
| 000 -LEADER | |
|---|---|
| fixed length control field | 00951cam a22002055a 4500 |
| 001 - CONTROL NUMBER | |
| control field | L156087 |
| 008 - FIXED-LENGTH DATA ELEMENTS--GENERAL INFORMATION | |
| fixed length control field | 120430s1846 xxk f 000 0 eng d |
| 035 ## - SYSTEM CONTROL NUMBER | |
| System control number | (Sirsi) u156087 |
| 041 0# - LANGUAGE CODE | |
| Language code of text/sound track or separate title | eng |
| 100 1# - MAIN ENTRY--PERSONAL NAME | |
| Personal name | Scriven, John |
| 245 02 - TITLE STATEMENT | |
| Title | A treatise on copyhold, customary freehold, and ancient demesne tenure |
| Remainder of title | with the jurisdiction of Courts baron and Courts leet; also an appendix, containing rules for holding Customary courts, Courts baron and Courts leet, forms of court rolls, deputations, and copyhold assurances, and extracts from the relative acts of Parliament |
| 250 ## - EDITION STATEMENT | |
| Edition statement | 4th ed., embracing all the authorities to the present period |
| Remainder of edition statement | by Harry Stalman |
| 260 ## - PUBLICATION, DISTRIBUTION, ETC. | |
| Place of publication, distribution, etc. | London |
| Name of publisher, distributor, etc. | H. Butterworth; [etc., etc.] |
| Date of publication, distribution, etc. | 1846 |
| 300 ## - PHYSICAL DESCRIPTION | |
| Extent | 2 v. |
| Dimensions | 25cm. |
| 583 ## - ACTION NOTE | |
| Action | Condition reviewed |
| Time/date of action | 20120620 |
| Status | condition level 3 and 4 |
| 651 #4 - SUBJECT ADDED ENTRY--GEOGRAPHIC NAME | |
| Geographic name | Great Britain |
| Chronological subdivision | 1707- |
| 690 ## - LOCAL SUBJECT ADDED ENTRY--TOPICAL TERM (OCLC, RLIN) | |
| Topical term or geographic name as entry element | Landlord and tenant |
| 9 (RLIN) | 6252 |
| 700 1# - ADDED ENTRY--PERSONAL NAME | |
| Personal name | Stalman, Henry |
| Dates associated with a name | 1797-1871 |
| 942 ## - ADDED ENTRY ELEMENTS (KOHA) | |
| Suppress in OPAC | 0 |
| Withdrawn status | Lost status | Damaged status | Not for loan | Home library | Current library | Shelving location | Date acquired | Total Checkouts | Full call number | Barcode | Date last seen | Copy number | Price effective from | Koha item type |
|---|---|---|---|---|---|---|---|---|---|---|---|---|---|---|
| Historic collection | Historic collection | Historic collection | 30/04/2012 | LANDOWNING QUARTO 1846 SCRIVEN VOL 1 | 30077973 | 22/08/2025 | 1 | 06/08/2019 | Book | |||||
| Historic collection | Historic collection | Historic collection | 25/07/2012 | LANDOWNING QUARTO 1846 SCRIVEN VOL 2 | 30077958 | 22/08/2025 | 1 | 06/08/2019 | Book |